1771 1352 1289 1999 1977 1836 1291 1897 1991 1919 1383 1008 1834 1443 1477 1461 1409 1650 1770 1631 1473 1944 1314 1980 1761 1492 1169 1314 1931 1239 1285 1655 1513 1392 1953 1029 1490 1191 1813 1109 1069 1717 1102 1242 1788 1440 1181 1767 1400 1978 1181 1779 1980 1475 1140 1365 1186 1448 1112 1322 1171 1974 1858 1047 1899 1610 1032 1750 1358 1805 1810 1708 1251 1284 1847 1264 1369 1371 1978 1484 1445 1956 1484 1490 1930 1340 1464 1735 1205 1077 1626 1069 1580 1221 1861 1433 1801 1783 1092 BCNSPRNW ULIB Ver.6.0+V

เปลี่ยนเป็นภาษาไทย

Change to English
 แสดงรายละเอียดบรรณานุกรม
  กลับหน้าหลัก

Brief Record : Get Marc (ISO 2709) : E-mail record : QR code < ปิดหน้าต่าง
LEADER : 00000nam 2200000uu 4500
001    13399127208
003     ULIB
008    191025s2562||||th 000 0 tha d
060  4 ^aWY152^bร719
245 10 ^aรูปแบบการพัฒนาระบบการดูแลระยะยาวสำหรับผู้สูงอายุ /^cราศรี ลีนะกุลและคนอื่นๆ, บรรณาธิการ
250    ^aพิมพ์ครั้งที่ 1
260    ^aนนทบุรี :^bสภาการพยาบาล,^c2562
300    ^a147 หน้า :^bภาพประกอบ ;^c26 ซม.
650  4 ^aผู้สูงอายุ^xการดูแล
650  4 ^aผู้สูงอายุ^xสุขภาพและอนามัย
700 0  ^aราศรี ลีนะกุล,^eบรรณาธิการ
710 2  ^aสภาการพยาบาล
710 2  ^aสำนักงานกองทุนสนับสนุนการสร้างเสริมสุขภาพ
945    ^p0^l0^i006372
999    ^aประนอม เกษจรัล
รายการนี้ยังไม่มีแท็ก
คุณยังไม่ได้ล็อกอิน คุณสามารถมีกิจกรรมร่วมกับเว็บไซต์ได้ แต่ต้องล็อกอินก่อน ::
  ล็อกอิน

รายการสื่อสารสนเทศ

ลำดับที่ ประเภท เลขเรียก/บาร์โค้ด สถานที่ สถานะ
1. Book การพยาบาล
Book การพยาบาล
WY152 ร719 ฉ.1 
  Barcode: 006372
ห้องสมุดวิทยาเขตสวรรค์ประชารักษ์
►หนังสือทั่วไป
บนชั้น

รายการใกล้เคียง
    หัวเรื่อง [ผู้สูงอายุ การดูแล]

BibComment


ยังไม่เคยถูกคอมเมนท์

คอมเมนท์ทรัพยากรรายการนี้
  คอมเมนท์: รูปแบบการพัฒนาระ..


 Copyright 2026. Bcnsprnw @Library